000
00237 a2200109 4500
001
60143
082
_a
515.35 BRA
090
_c
36954
_d
36954
100
_a
Brawer F
245
_a
Introduction to Differential Equcations
300
_a
628
942
_a
caenust
_k
515.35 BRA
999
_c
295216
_d
295216